| 000 | 00456nam a2200157Ia 4500 | ||
|---|---|---|---|
| 008 | 160316s2009 xxu||||| |||| 00| 0 eng d | ||
| 082 |
_a342.060000 _bDYZ |
||
| 100 | _aDyzenhaus David | ||
| 245 | _aA simple common lawyer : Essays in honour of Michael Taggart | ||
| 250 | _a | ||
| 260 |
_aOxford _bHart Publishing Company _c2009 |
||
| 300 |
_a334p _b _cix |
||
| 365 | _b Rs. 2,791 | ||
| 650 | _a1. Administrative Law | ||
| 700 |
_aHunt Murray _aMuscroft Grant |
||
| 999 |
_c26065 _d26065 |
||